Statistics for Fast Math - Randomized Division in 30 Seconds

Click here to take the quiz!

General Stats

  • This quiz has been taken 4,567 times
  • The average score is 7 of 20

Answer Stats

ProblemSolution% Correct
29 ÷ 291
100%
34 ÷ 341
100%
30 ÷ 301
100%
100 ÷ 1001
100%
27 ÷ 271
100%
39 ÷ 391
100%
24 ÷ 241
100%
26 ÷ 261
100%
4 ÷ 41
100%
12 ÷ 121
100%
38 ÷ 381
100%
16 ÷ 161
100%
23 ÷ 231
100%
140 ÷ 1410
100%
110 ÷ 1110
100%
200 ÷ 2010
100%
470 ÷ 4710
100%
310 ÷ 3110
100%
100 ÷ 1010
100%
60 ÷ 610
100%
380 ÷ 3810
100%
500 ÷ 5100
100%
312 ÷ 3104
100%
530 ÷ 5106
100%
214 ÷ 2107
100%
436 ÷ 4109
100%
218 ÷ 2109
100%
484 ÷ 4411
100%
165 ÷ 1511
100%
220 ÷ 2011
100%
121 ÷ 1111
100%
440 ÷ 4011
100%
222 ÷ 2111
100%
560 ÷ 5112
100%
348 ÷ 3116
100%
351 ÷ 3117
100%
236 ÷ 2118
100%
590 ÷ 5118
100%
24 ÷ 212
100%
492 ÷ 4112
100%
96 ÷ 812
100%
576 ÷ 4812
100%
48 ÷ 412
100%
240 ÷ 2012
100%
360 ÷ 3012
100%
552 ÷ 4612
100%
240 ÷ 2120
100%
244 ÷ 2122
100%
369 ÷ 3123
100%
250 ÷ 2125
100%
256 ÷ 2128
100%
286 ÷ 2213
100%
26 ÷ 213
100%
507 ÷ 3913
100%
195 ÷ 1513
100%
416 ÷ 3213
100%
390 ÷ 3130
100%
399 ÷ 3133
100%
476 ÷ 3414
100%
574 ÷ 4114
100%
406 ÷ 2914
100%
423 ÷ 3141
100%
284 ÷ 2142
100%
426 ÷ 3142
100%
290 ÷ 2145
100%
596 ÷ 4149
100%
60 ÷ 415
100%
330 ÷ 2215
100%
345 ÷ 2315
100%
75 ÷ 515
100%
600 ÷ 4015
100%
435 ÷ 2915
100%
240 ÷ 1615
100%
90 ÷ 615
100%
225 ÷ 1515
100%
304 ÷ 2152
100%
459 ÷ 3153
100%
465 ÷ 3155
100%
320 ÷ 2160
100%
328 ÷ 2164
100%
340 ÷ 2017
100%
187 ÷ 1117
100%
425 ÷ 2517
100%
344 ÷ 2172
100%
519 ÷ 3173
100%
356 ÷ 2178
100%
144 ÷ 818
100%
90 ÷ 518
100%
432 ÷ 2418
100%
54 ÷ 318
100%
366 ÷ 2183
100%
552 ÷ 3184
100%
374 ÷ 2187
100%
378 ÷ 2189
100%
133 ÷ 719
100%
38 ÷ 219
100%
228 ÷ 1219
100%
380 ÷ 2190
100%
386 ÷ 2193
100%
579 ÷ 3193
100%
16 ÷ 82
100%
72 ÷ 362
100%
14 ÷ 72
100%
8 ÷ 42
100%
52 ÷ 262
100%
90 ÷ 452
100%
26 ÷ 132
100%
46 ÷ 232
100%
54 ÷ 272
100%
34 ÷ 172
100%
48 ÷ 242
100%
92 ÷ 462
100%
30 ÷ 152
100%
380 ÷ 1920
100%
220 ÷ 1120
100%
560 ÷ 2820
100%
600 ÷ 3200
100%
406 ÷ 2203
100%
410 ÷ 2205
100%
483 ÷ 2321
100%
168 ÷ 821
100%
42 ÷ 221
100%
294 ÷ 1421
100%
399 ÷ 1921
100%
252 ÷ 1221
100%
428 ÷ 2214
100%
220 ÷ 1022
100%
440 ÷ 2022
100%
286 ÷ 1322
100%
154 ÷ 722
100%
594 ÷ 2722
100%
264 ÷ 1222
100%
322 ÷ 1423
100%
462 ÷ 2231
100%
576 ÷ 2424
100%
48 ÷ 224
100%
240 ÷ 1024
100%
480 ÷ 2240
100%
490 ÷ 2245
100%
250 ÷ 1025
100%
502 ÷ 2251
100%
506 ÷ 2253
100%
510 ÷ 2255
100%
512 ÷ 2256
100%
494 ÷ 1926
100%
52 ÷ 226
100%
364 ÷ 1426
100%
522 ÷ 2261
100%
567 ÷ 2127
100%
189 ÷ 727
100%
140 ÷ 528
100%
532 ÷ 1928
100%
290 ÷ 1029
100%
12 ÷ 43
100%
126 ÷ 423
100%
48 ÷ 163
100%
63 ÷ 213
100%
9 ÷ 33
100%
138 ÷ 463
100%
51 ÷ 173
100%
57 ÷ 193
100%
33 ÷ 113
100%
150 ÷ 503
100%
30 ÷ 103
100%
42 ÷ 143
100%
240 ÷ 830
100%
120 ÷ 430
100%
450 ÷ 1530
100%
60 ÷ 230
100%
390 ÷ 1330
100%
510 ÷ 1730
100%
124 ÷ 431
100%
62 ÷ 231
100%
434 ÷ 1431
100%
589 ÷ 1931
100%
93 ÷ 331
100%
288 ÷ 932
100%
198 ÷ 633
100%
330 ÷ 1033
100%
340 ÷ 1034
100%
374 ÷ 1134
100%
350 ÷ 1035
100%
140 ÷ 435
100%
280 ÷ 835
100%
525 ÷ 1535
100%
324 ÷ 936
100%
518 ÷ 1437
100%
592 ÷ 1637
100%
222 ÷ 637
100%
185 ÷ 537
100%
74 ÷ 237
100%
76 ÷ 238
100%
156 ÷ 439
100%
351 ÷ 939
100%
20 ÷ 54
100%
32 ÷ 84
100%
60 ÷ 154
100%
172 ÷ 434
100%
84 ÷ 214
100%
136 ÷ 344
100%
132 ÷ 334
100%
360 ÷ 940
100%
160 ÷ 440
100%
473 ÷ 1143
100%
572 ÷ 1344
100%
220 ÷ 544
100%
460 ÷ 1046
100%
329 ÷ 747
100%
96 ÷ 248
100%
98 ÷ 249
100%
539 ÷ 1149
100%
147 ÷ 349
100%
140 ÷ 285
100%
165 ÷ 335
100%
20 ÷ 45
100%
75 ÷ 155
100%
15 ÷ 35
100%
210 ÷ 425
100%
200 ÷ 405
100%
250 ÷ 505
100%
250 ÷ 550
100%
500 ÷ 1050
100%
100 ÷ 250
100%
208 ÷ 452
100%
318 ÷ 653
100%
108 ÷ 254
100%
378 ÷ 754
100%
216 ÷ 454
100%
220 ÷ 455
100%
330 ÷ 655
100%
440 ÷ 855
100%
550 ÷ 1055
100%
285 ÷ 557
100%
580 ÷ 1058
100%
118 ÷ 259
100%
216 ÷ 366
100%
132 ÷ 226
100%
48 ÷ 86
100%
54 ÷ 96
100%
150 ÷ 256
100%
246 ÷ 416
100%
120 ÷ 206
100%
600 ÷ 1060
100%
427 ÷ 761
100%
122 ÷ 261
100%
252 ÷ 463
100%
198 ÷ 366
100%
132 ÷ 266
100%
402 ÷ 667
100%
408 ÷ 668
100%
476 ÷ 768
100%
138 ÷ 269
100%
77 ÷ 117
100%
112 ÷ 167
100%
91 ÷ 137
100%
147 ÷ 217
100%
35 ÷ 57
100%
343 ÷ 497
100%
203 ÷ 297
100%
350 ÷ 570
100%
420 ÷ 670
100%
360 ÷ 572
100%
216 ÷ 372
100%
300 ÷ 475
100%
88 ÷ 118
100%
272 ÷ 348
100%
136 ÷ 178
100%
112 ÷ 148
100%
80 ÷ 108
100%
560 ÷ 780
100%
240 ÷ 380
100%
249 ÷ 383
100%
176 ÷ 288
100%
440 ÷ 588
100%
36 ÷ 49
100%
252 ÷ 289
100%
369 ÷ 419
100%
306 ÷ 349
100%
324 ÷ 369
100%
27 ÷ 39
100%
441 ÷ 499
100%
405 ÷ 459
100%
180 ÷ 209
100%
63 ÷ 79
100%
171 ÷ 199
100%
54 ÷ 69
100%
360 ÷ 490
100%
270 ÷ 390
100%
288 ÷ 396
100%
291 ÷ 397
100%
200 ÷ 2100
83%
266 ÷ 2133
83%
260 ÷ 2013
80%
352 ÷ 2176
80%
84 ÷ 421
80%
448 ÷ 2224
80%
450 ÷ 2225
80%
540 ÷ 2270
80%
310 ÷ 1031
80%
17 ÷ 171
75%
6 ÷ 61
75%
2 ÷ 21
75%
412 ÷ 4103
75%
143 ÷ 1311
75%
396 ÷ 3611
75%
60 ÷ 512
75%
104 ÷ 813
75%
286 ÷ 2143
75%
150 ÷ 1015
75%
318 ÷ 2159
75%
496 ÷ 3116
75%
32 ÷ 216
75%
238 ÷ 1417
75%
86 ÷ 432
75%
66 ÷ 332
75%
24 ÷ 83
75%
360 ÷ 1230
75%
80 ÷ 240
75%
205 ÷ 541
75%
141 ÷ 347
75%
550 ÷ 1150
75%
200 ÷ 450
75%
128 ÷ 264
75%
196 ÷ 287
75%
119 ÷ 177
75%
56 ÷ 87
75%
280 ÷ 470
75%
144 ÷ 272
75%
228 ÷ 376
75%
390 ÷ 578
75%
40 ÷ 58
75%
48 ÷ 481
67%
36 ÷ 361
67%
21 ÷ 211
67%
25 ÷ 251
67%
30 ÷ 310
67%
410 ÷ 4110
67%
120 ÷ 1210
67%
70 ÷ 710
67%
370 ÷ 3710
67%
160 ÷ 1610
67%
150 ÷ 1510
67%
204 ÷ 2102
67%
206 ÷ 2103
67%
424 ÷ 4106
67%
88 ÷ 811
67%
77 ÷ 711
67%
242 ÷ 2211
67%
154 ÷ 1411
67%
228 ÷ 2114
67%
460 ÷ 4115
67%
480 ÷ 4012
67%
600 ÷ 5012
67%
484 ÷ 4121
67%
312 ÷ 2413
67%
130 ÷ 1013
67%
91 ÷ 713
67%
402 ÷ 3134
67%
274 ÷ 2137
67%
336 ÷ 2414
67%
322 ÷ 2314
67%
580 ÷ 4145
67%
302 ÷ 2151
67%
480 ÷ 3160
67%
51 ÷ 317
67%
340 ÷ 2170
67%
510 ÷ 3170
67%
348 ÷ 2174
67%
108 ÷ 618
67%
540 ÷ 3018
67%
561 ÷ 3187
67%
551 ÷ 2919
67%
304 ÷ 1619
67%
396 ÷ 2198
67%
10 ÷ 52
67%
80 ÷ 402
67%
64 ÷ 322
67%
40 ÷ 220
67%
140 ÷ 720
67%
418 ÷ 2209
67%
525 ÷ 2521
67%
110 ÷ 522
67%
66 ÷ 322
67%
446 ÷ 2223
67%
456 ÷ 2228
67%
69 ÷ 323
67%
345 ÷ 1523
67%
168 ÷ 724
67%
264 ÷ 1124
67%
504 ÷ 2124
67%
496 ÷ 2248
67%
50 ÷ 225
67%
528 ÷ 2264
67%
243 ÷ 927
67%
112 ÷ 428
67%
560 ÷ 2280
67%
596 ÷ 2298
67%
39 ÷ 133
67%
75 ÷ 253
67%
117 ÷ 393
67%
69 ÷ 233
67%
78 ÷ 263
67%
217 ÷ 731
67%
279 ÷ 931
67%
144 ÷ 436
67%
360 ÷ 1036
67%
370 ÷ 1037
67%
490 ÷ 1049
67%
70 ÷ 145
67%
10 ÷ 25
67%
350 ÷ 750
67%
153 ÷ 351
67%
102 ÷ 251
67%
116 ÷ 258
67%
590 ÷ 1059
67%
270 ÷ 456
67%
12 ÷ 26
67%
66 ÷ 116
67%
183 ÷ 361
67%
310 ÷ 562
67%
455 ÷ 765
67%
84 ÷ 127
67%
105 ÷ 157
67%
219 ÷ 373
67%
150 ÷ 275
67%
152 ÷ 276
67%
395 ÷ 579
67%
158 ÷ 279
67%
320 ÷ 408
67%
128 ÷ 168
67%
410 ÷ 582
67%
252 ÷ 384
67%
255 ÷ 385
67%
90 ÷ 109
67%
45 ÷ 59
67%
360 ÷ 409
67%
198 ÷ 229
67%
180 ÷ 290
67%
294 ÷ 398
67%
198 ÷ 299
67%
280 ÷ 2014
63%
45 ÷ 451
60%
309 ÷ 3103
60%
480 ÷ 4120
60%
64 ÷ 416
60%
20 ÷ 102
60%
210 ÷ 1021
60%
189 ÷ 921
60%
442 ÷ 2221
60%
215 ÷ 435
60%
50 ÷ 105
60%
255 ÷ 551
60%
560 ÷ 1056
60%
24 ÷ 38
60%
208 ÷ 268
60%
460 ÷ 592
60%
70 ÷ 352
57%
435 ÷ 1529
57%
142 ÷ 271
57%
35 ÷ 351
50%
19 ÷ 191
50%
40 ÷ 401
50%
18 ÷ 181
50%
47 ÷ 471
50%
41 ÷ 411
50%
43 ÷ 431
50%
7 ÷ 71
50%
49 ÷ 491
50%
40 ÷ 410
50%
90 ÷ 910
50%
130 ÷ 1310
50%
390 ÷ 3910
50%
230 ÷ 2310
50%
400 ÷ 4010
50%
430 ÷ 4310
50%
50 ÷ 510
50%
20 ÷ 210
50%
330 ÷ 3310
50%
505 ÷ 5101
50%
202 ÷ 2101
50%
515 ÷ 5103
50%
520 ÷ 5104
50%
210 ÷ 2105
50%
432 ÷ 4108
50%
495 ÷ 4511
50%
55 ÷ 511
50%
66 ÷ 611
50%
429 ÷ 3911
50%
110 ÷ 1011
50%
44 ÷ 411
50%
297 ÷ 2711
50%
550 ÷ 5110
50%
330 ÷ 3110
50%
464 ÷ 4116
50%
234 ÷ 2117
50%
472 ÷ 4118
50%
84 ÷ 712
50%
408 ÷ 3412
50%
300 ÷ 2512
50%
228 ÷ 1912
50%
336 ÷ 2812
50%
242 ÷ 2121
50%
488 ÷ 4122
50%
375 ÷ 3125
50%
378 ÷ 3126
50%
364 ÷ 2813
50%
442 ÷ 3413
50%
143 ÷ 1113
50%
117 ÷ 913
50%
520 ÷ 4130
50%
536 ÷ 4134
50%
268 ÷ 2134
50%
405 ÷ 3135
50%
278 ÷ 2139
50%
462 ÷ 3314
50%
294 ÷ 2114
50%
56 ÷ 414
50%
282 ÷ 2141
50%
568 ÷ 4142
50%
584 ÷ 4146
50%
588 ÷ 4147
50%
285 ÷ 1915
50%
465 ÷ 3115
50%
300 ÷ 2015
50%
450 ÷ 3150
50%
453 ÷ 3151
50%
306 ÷ 2153
50%
308 ÷ 2154
50%
310 ÷ 2155
50%
560 ÷ 3516
50%
192 ÷ 1216
50%
160 ÷ 1016
50%
256 ÷ 1616
50%
128 ÷ 816
50%
486 ÷ 3162
50%
334 ÷ 2167
50%
501 ÷ 3167
50%
336 ÷ 2168
50%
272 ÷ 1617
50%
153 ÷ 917
50%
357 ÷ 2117
50%
510 ÷ 3017
50%
342 ÷ 2171
50%
534 ÷ 3178
50%
306 ÷ 1718
50%
558 ÷ 3118
50%
594 ÷ 3318
50%
36 ÷ 218
50%
342 ÷ 1918
50%
288 ÷ 1618
50%
180 ÷ 1018
50%
486 ÷ 2718
50%
368 ÷ 2184
50%
532 ÷ 2819
50%
209 ÷ 1119
50%
190 ÷ 1019
50%
573 ÷ 3191
50%
585 ÷ 3195
50%
28 ÷ 142
50%
68 ÷ 342
50%
12 ÷ 62
50%
40 ÷ 202
50%
78 ÷ 392
50%
98 ÷ 492
50%
22 ÷ 112
50%
82 ÷ 412
50%
88 ÷ 442
50%
300 ÷ 1520
50%
231 ÷ 1121
50%
588 ÷ 2821
50%
63 ÷ 321
50%
105 ÷ 521
50%
424 ÷ 2212
50%
426 ÷ 2213
50%
430 ÷ 2215
50%
88 ÷ 422
50%
132 ÷ 622
50%
396 ÷ 1822
50%
242 ÷ 1122
50%
444 ÷ 2222
50%
452 ÷ 2226
50%
454 ÷ 2227
50%
92 ÷ 423
50%
506 ÷ 2223
50%
230 ÷ 1023
50%
529 ÷ 2323
50%
460 ÷ 2230
50%
464 ÷ 2232
50%
472 ÷ 2236
50%
482 ÷ 2241
50%
484 ÷ 2242
50%
494 ÷ 2247
50%
100 ÷ 425
50%
500 ÷ 2025
50%
450 ÷ 1825
50%
600 ÷ 2425
50%
125 ÷ 525
50%
200 ÷ 825
50%
104 ÷ 426
50%
390 ÷ 1526
50%
520 ÷ 2260
50%
54 ÷ 227
50%
540 ÷ 2027
50%
351 ÷ 1327
50%
542 ÷ 2271
50%
552 ÷ 2276
50%
420 ÷ 1528
50%
504 ÷ 1828
50%
562 ÷ 2281
50%
564 ÷ 2282
50%
566 ÷ 2283
50%
576 ÷ 2288
50%
578 ÷ 2289
50%
584 ÷ 2292
50%
598 ÷ 2299
50%
60 ÷ 203
50%
54 ÷ 183
50%
90 ÷ 303
50%
87 ÷ 293
50%
108 ÷ 363
50%
18 ÷ 63
50%
105 ÷ 353
50%
27 ÷ 93
50%
84 ÷ 283
50%
96 ÷ 323
50%
132 ÷ 443
50%
135 ÷ 453
50%
420 ÷ 1430
50%
480 ÷ 1630
50%
540 ÷ 1830
50%
270 ÷ 930
50%
496 ÷ 1631
50%
372 ÷ 1231
50%
558 ÷ 1831
50%
512 ÷ 1632
50%
576 ÷ 1832
50%
160 ÷ 532
50%
320 ÷ 1032
50%
544 ÷ 1732
50%
165 ÷ 533
50%
99 ÷ 333
50%
363 ÷ 1133
50%
66 ÷ 233
50%
204 ÷ 634
50%
510 ÷ 1534
50%
175 ÷ 535
50%
420 ÷ 1235
50%
108 ÷ 336
50%
152 ÷ 438
50%
266 ÷ 738
50%
468 ÷ 1239
50%
188 ÷ 474
50%
80 ÷ 204
50%
200 ÷ 504
50%
196 ÷ 494
50%
112 ÷ 284
50%
40 ÷ 104
50%
52 ÷ 134
50%
12 ÷ 34
50%
100 ÷ 254
50%
156 ÷ 394
50%
280 ÷ 740
50%
440 ÷ 1140
50%
400 ÷ 1040
50%
600 ÷ 1540
50%
82 ÷ 241
50%
420 ÷ 1042
50%
252 ÷ 642
50%
168 ÷ 442
50%
378 ÷ 942
50%
450 ÷ 1045
50%
315 ÷ 745
50%
506 ÷ 1146
50%
368 ÷ 846
50%
184 ÷ 446
50%
188 ÷ 447
50%
288 ÷ 648
50%
196 ÷ 449
50%
588 ÷ 1249
50%
343 ÷ 749
50%
110 ÷ 225
50%
40 ÷ 85
50%
195 ÷ 395
50%
120 ÷ 245
50%
85 ÷ 175
50%
55 ÷ 115
50%
225 ÷ 455
50%
205 ÷ 415
50%
190 ÷ 385
50%
150 ÷ 305
50%
35 ÷ 75
50%
170 ÷ 345
50%
245 ÷ 495
50%
300 ÷ 650
50%
408 ÷ 851
50%
156 ÷ 352
50%
416 ÷ 852
50%
424 ÷ 853
50%
371 ÷ 753
50%
162 ÷ 354
50%
540 ÷ 1054
50%
336 ÷ 656
50%
392 ÷ 756
50%
112 ÷ 256
50%
168 ÷ 356
50%
399 ÷ 757
50%
295 ÷ 559
50%
180 ÷ 306
50%
90 ÷ 156
50%
204 ÷ 346
50%
30 ÷ 56
50%
228 ÷ 386
50%
78 ÷ 136
50%
186 ÷ 316
50%
282 ÷ 476
50%
210 ÷ 356
50%
300 ÷ 560
50%
240 ÷ 460
50%
126 ÷ 263
50%
448 ÷ 764
50%
512 ÷ 864
50%
192 ÷ 364
50%
384 ÷ 664
50%
325 ÷ 565
50%
330 ÷ 566
50%
462 ÷ 766
50%
335 ÷ 567
50%
49 ÷ 77
50%
126 ÷ 187
50%
140 ÷ 207
50%
308 ÷ 447
50%
63 ÷ 97
50%
210 ÷ 307
50%
28 ÷ 47
50%
182 ÷ 267
50%
98 ÷ 147
50%
210 ÷ 370
50%
284 ÷ 471
50%
426 ÷ 671
50%
584 ÷ 873
50%
222 ÷ 374
50%
225 ÷ 375
50%
304 ÷ 476
50%
231 ÷ 377
50%
156 ÷ 278
50%
312 ÷ 478
50%
553 ÷ 779
50%
237 ÷ 379
50%
104 ÷ 138
50%
376 ÷ 478
50%
312 ÷ 398
50%
400 ÷ 508
50%
160 ÷ 208
50%
96 ÷ 128
50%
32 ÷ 48
50%
48 ÷ 68
50%
160 ÷ 280
50%
480 ÷ 680
50%
567 ÷ 781
50%
162 ÷ 281
50%
574 ÷ 782
50%
166 ÷ 283
50%
168 ÷ 284
50%
504 ÷ 684
50%
588 ÷ 784
50%
170 ÷ 285
50%
348 ÷ 487
50%
534 ÷ 689
50%
414 ÷ 469
50%
432 ÷ 489
50%
243 ÷ 279
50%
216 ÷ 249
50%
184 ÷ 292
50%
188 ÷ 294
50%
282 ÷ 394
50%
388 ÷ 497
50%
196 ÷ 298
50%
322 ÷ 2161
44%
24 ÷ 122
43%
87 ÷ 329
43%
440 ÷ 4110
40%
575 ÷ 5115
40%
276 ÷ 2312
40%
468 ÷ 3613
40%
338 ÷ 2613
40%
559 ÷ 4313
40%
420 ÷ 3014
40%
438 ÷ 3146
40%
420 ÷ 2815
40%
30 ÷ 215
40%
456 ÷ 3152
40%
336 ÷ 2116
40%
432 ÷ 2716
40%
68 ÷ 417
40%
564 ÷ 3188
40%
62 ÷ 312
40%
498 ÷ 2249
40%
216 ÷ 827
40%
203 ÷ 729
40%
99 ÷ 333
40%
570 ÷ 1930
40%
234 ÷ 639
40%
328 ÷ 841
40%
480 ÷ 1048
40%
30 ÷ 65
40%
174 ÷ 296
40%
21 ÷ 37
40%
444 ÷ 674
40%
532 ÷ 776
40%
200 ÷ 258
40%
261 ÷ 387
40%
450 ÷ 509
40%
315 ÷ 359
40%
372 ÷ 2186
38%
270 ÷ 2710
33%
300 ÷ 3100
33%
400 ÷ 4100
33%
525 ÷ 5105
33%
540 ÷ 5108
33%
216 ÷ 2108
33%
528 ÷ 4811
33%
473 ÷ 4311
33%
341 ÷ 3111
33%
451 ÷ 4111
33%
220 ÷ 2110
33%
333 ÷ 3111
33%
230 ÷ 2115
33%
357 ÷ 3119
33%
476 ÷ 4119
33%
595 ÷ 5119
33%
396 ÷ 3312
33%
108 ÷ 912
33%
180 ÷ 1512
33%
156 ÷ 1312
33%
299 ÷ 2313
33%
156 ÷ 1213
33%
572 ÷ 4413
33%
234 ÷ 1813
33%
377 ÷ 2913
33%
260 ÷ 2130
33%
528 ÷ 4132
33%
532 ÷ 3814
33%
350 ÷ 2514
33%
126 ÷ 914
33%
434 ÷ 3114
33%
154 ÷ 1114
33%
560 ÷ 4140
33%
292 ÷ 2146
33%
441 ÷ 3147
33%
298 ÷ 2149
33%
270 ÷ 1815
33%
180 ÷ 1215
33%
555 ÷ 3715
33%
300 ÷ 2150
33%
312 ÷ 2156
33%
314 ÷ 2157
33%
448 ÷ 2816
33%
288 ÷ 1816
33%
80 ÷ 516
33%
492 ÷ 3164
33%
507 ÷ 3169
33%
459 ÷ 2717
33%
408 ÷ 2417
33%
442 ÷ 2617
33%
544 ÷ 3217
33%
525 ÷ 3175
33%
531 ÷ 3177
33%
198 ÷ 1118
33%
475 ÷ 2519
33%
152 ÷ 819
33%
437 ÷ 2319
33%
380 ÷ 2019
33%
513 ÷ 2719
33%
597 ÷ 3199
33%
56 ÷ 282
33%
36 ÷ 182
33%
540 ÷ 2720
33%
80 ÷ 420
33%
180 ÷ 920
33%
280 ÷ 1420
33%
320 ÷ 1620
33%
420 ÷ 2120
33%
480 ÷ 2420
33%
400 ÷ 2200
33%
402 ÷ 2201
33%
462 ÷ 2221
33%
357 ÷ 1721
33%
458 ÷ 2229
33%
46 ÷ 223
33%
414 ÷ 1823
33%
575 ÷ 2523
33%
184 ÷ 823
33%
460 ÷ 2023
33%
360 ÷ 1524
33%
408 ÷ 1724
33%
312 ÷ 1324
33%
456 ÷ 1924
33%
288 ÷ 1224
33%
480 ÷ 2024
33%
492 ÷ 2246
33%
75 ÷ 325
33%
225 ÷ 925
33%
525 ÷ 2125
33%
508 ÷ 2254
33%
182 ÷ 726
33%
130 ÷ 526
33%
546 ÷ 2126
33%
594 ÷ 2227
33%
546 ÷ 2273
33%
196 ÷ 728
33%
168 ÷ 628
33%
580 ÷ 2290
33%
592 ÷ 2296
33%
66 ÷ 223
33%
129 ÷ 433
33%
300 ÷ 1030
33%
384 ÷ 1232
33%
594 ÷ 1833
33%
132 ÷ 433
33%
210 ÷ 635
33%
180 ÷ 536
33%
296 ÷ 837
33%
195 ÷ 539
33%
56 ÷ 144
33%
92 ÷ 234
33%
28 ÷ 74
33%
192 ÷ 484
33%
36 ÷ 94
33%
200 ÷ 540
33%
320 ÷ 840
33%
246 ÷ 641
33%
451 ÷ 1141
33%
410 ÷ 1041
33%
84 ÷ 242
33%
484 ÷ 1144
33%
264 ÷ 644
33%
270 ÷ 645
33%
360 ÷ 845
33%
94 ÷ 247
33%
576 ÷ 1248
33%
240 ÷ 548
33%
294 ÷ 649
33%
145 ÷ 295
33%
150 ÷ 350
33%
357 ÷ 751
33%
110 ÷ 255
33%
448 ÷ 856
33%
280 ÷ 556
33%
570 ÷ 1057
33%
171 ÷ 357
33%
522 ÷ 958
33%
264 ÷ 446
33%
276 ÷ 466
33%
42 ÷ 76
33%
300 ÷ 506
33%
138 ÷ 236
33%
18 ÷ 36
33%
540 ÷ 960
33%
366 ÷ 661
33%
504 ÷ 863
33%
378 ÷ 663
33%
189 ÷ 363
33%
256 ÷ 464
33%
320 ÷ 564
33%
195 ÷ 365
33%
260 ÷ 465
33%
396 ÷ 666
33%
134 ÷ 267
33%
136 ÷ 268
33%
483 ÷ 769
33%
280 ÷ 407
33%
168 ÷ 247
33%
504 ÷ 772
33%
432 ÷ 672
33%
511 ÷ 773
33%
450 ÷ 675
33%
375 ÷ 575
33%
234 ÷ 378
33%
474 ÷ 679
33%
16 ÷ 28
33%
352 ÷ 448
33%
168 ÷ 218
33%
320 ÷ 480
33%
324 ÷ 481
33%
405 ÷ 581
33%
492 ÷ 682
33%
164 ÷ 282
33%
415 ÷ 583
33%
344 ÷ 486
33%
172 ÷ 286
33%
430 ÷ 586
33%
270 ÷ 309
33%
378 ÷ 429
33%
423 ÷ 479
33%
387 ÷ 439
33%
81 ÷ 99
33%
182 ÷ 291
33%
552 ÷ 692
33%
376 ÷ 494
33%
470 ÷ 594
33%
176 ÷ 1116
29%
408 ÷ 2204
29%
442 ÷ 1726
29%
135 ÷ 527
29%
198 ÷ 336
29%
32 ÷ 321
25%
44 ÷ 441
25%
280 ÷ 2810
25%
170 ÷ 1710
25%
510 ÷ 5102
25%
315 ÷ 3105
25%
535 ÷ 5107
25%
418 ÷ 3811
25%
176 ÷ 1611
25%
363 ÷ 3311
25%
286 ÷ 2611
25%
336 ÷ 3112
25%
232 ÷ 2116
25%
468 ÷ 4117
25%
72 ÷ 612
25%
204 ÷ 1712
25%
312 ÷ 2612
25%
381 ÷ 3127
25%
384 ÷ 3128
25%
52 ÷ 413
25%
494 ÷ 3813
25%
65 ÷ 513
25%
546 ÷ 3914
25%
280 ÷ 2140
25%
420 ÷ 3140
25%
572 ÷ 4143
25%
375 ÷ 2515
25%
360 ÷ 2415
25%
400 ÷ 2516
25%
544 ÷ 3416
25%
352 ÷ 2216
25%
96 ÷ 616
25%
102 ÷ 617
25%
34 ÷ 217
25%
376 ÷ 2188
25%
567 ÷ 3189
25%
382 ÷ 2191
25%
74 ÷ 372
25%
44 ÷ 222
25%
50 ÷ 252
25%
6 ÷ 32
25%
115 ÷ 523
25%
528 ÷ 2224
25%
150 ÷ 625
25%
338 ÷ 1326
25%
598 ÷ 2326
25%
108 ÷ 427
25%
550 ÷ 2275
25%
448 ÷ 1628
25%
392 ÷ 1428
25%
570 ÷ 2285
25%
580 ÷ 2029
25%
261 ÷ 929
25%
58 ÷ 229
25%
232 ÷ 829
25%
116 ÷ 429
25%
141 ÷ 473
25%
256 ÷ 832
25%
528 ÷ 1633
25%
442 ÷ 1334
25%
408 ÷ 1234
25%
68 ÷ 234
25%
76 ÷ 194
25%
180 ÷ 454
25%
184 ÷ 464
25%
308 ÷ 744
25%
405 ÷ 945
25%
322 ÷ 746
25%
598 ÷ 1346
25%
517 ÷ 1147
25%
432 ÷ 948
25%
175 ÷ 355
25%
486 ÷ 954
25%
290 ÷ 558
25%
72 ÷ 126
25%
294 ÷ 496
25%
315 ÷ 457
25%
70 ÷ 107
25%
42 ÷ 67
25%
189 ÷ 277
25%
568 ÷ 871
25%
456 ÷ 676
25%
546 ÷ 778
25%
56 ÷ 78
25%
296 ÷ 378
25%
72 ÷ 98
25%
243 ÷ 381
25%
178 ÷ 289
25%
333 ÷ 379
25%
288 ÷ 329
25%
540 ÷ 690
25%
279 ÷ 393
25%
10 ÷ 101
20%
11 ÷ 111
20%
275 ÷ 2511
20%
345 ÷ 3115
20%
468 ÷ 3912
20%
272 ÷ 2136
20%
411 ÷ 3137
20%
288 ÷ 2144
20%
315 ÷ 2115
20%
350 ÷ 2175
20%
522 ÷ 2918
20%
450 ÷ 2518
20%
95 ÷ 519
20%
572 ÷ 2286
20%
578 ÷ 1734
20%
70 ÷ 235
20%
48 ÷ 124
20%
480 ÷ 1240
20%
574 ÷ 1441
20%
164 ÷ 441
20%
540 ÷ 1245
20%
138 ÷ 346
20%
160 ÷ 325
20%
240 ÷ 485
20%
100 ÷ 205
20%
236 ÷ 459
20%
240 ÷ 406
20%
340 ÷ 568
20%
245 ÷ 357
20%
368 ÷ 468
20%
258 ÷ 386
20%
264 ÷ 388
20%
234 ÷ 269
20%
396 ÷ 499
20%
407 ÷ 3711
17%
570 ÷ 3190
17%
336 ÷ 1424
17%
72 ÷ 243
17%
275 ÷ 555
17%
228 ÷ 457
17%
360 ÷ 660
17%
244 ÷ 461
17%
480 ÷ 596
17%
520 ÷ 1340
14%
344 ÷ 843
14%
50 ÷ 501
0%
42 ÷ 421
0%
28 ÷ 281
0%
37 ÷ 371
0%
15 ÷ 151
0%
22 ÷ 221
0%
33 ÷ 331
0%
20 ÷ 201
0%
14 ÷ 141
0%
46 ÷ 461
0%
9 ÷ 91
0%
13 ÷ 131
0%
31 ÷ 311
0%
8 ÷ 81
0%
3 ÷ 31
0%
5 ÷ 51
0%
500 ÷ 5010
0%
450 ÷ 4510
0%
180 ÷ 1810
0%
340 ÷ 3410
0%
190 ÷ 1910
0%
260 ÷ 2610
0%
350 ÷ 3510
0%
300 ÷ 3010
0%
320 ÷ 3210
0%
440 ÷ 4410
0%
290 ÷ 2910
0%
250 ÷ 2510
0%
80 ÷ 810
0%
480 ÷ 4810
0%
420 ÷ 4210
0%
360 ÷ 3610
0%
460 ÷ 4610
0%
220 ÷ 2210
0%
240 ÷ 2410
0%
210 ÷ 2110
0%
490 ÷ 4910
0%
600 ÷ 6100
0%
404 ÷ 4101
0%
303 ÷ 3101
0%
306 ÷ 3102
0%
408 ÷ 4102
0%
416 ÷ 4104
0%
208 ÷ 2104
0%
420 ÷ 4105
0%
212 ÷ 2106
0%
318 ÷ 3106
0%
321 ÷ 3107
0%
428 ÷ 4107
0%
324 ÷ 3108
0%
327 ÷ 3109
0%
545 ÷ 5109
0%
462 ÷ 4211
0%
506 ÷ 4611
0%
539 ÷ 4911
0%
517 ÷ 4711
0%
550 ÷ 5011
0%
99 ÷ 911
0%
385 ÷ 3511
0%
33 ÷ 311
0%
132 ÷ 1211
0%
253 ÷ 2311
0%
22 ÷ 211
0%
231 ÷ 2111
0%
330 ÷ 3011
0%
209 ÷ 1911
0%
264 ÷ 2411
0%
319 ÷ 2911
0%
374 ÷ 3411
0%
187 ÷ 1711
0%
308 ÷ 2811
0%
352 ÷ 3211
0%
198 ÷ 1811
0%
444 ÷ 4111
0%
555 ÷ 5111
0%
448 ÷ 4112
0%
224 ÷ 2112
0%
565 ÷ 5113
0%
339 ÷ 3113
0%
452 ÷ 4113
0%
226 ÷ 2113
0%
570 ÷ 5114
0%
342 ÷ 3114
0%
456 ÷ 4114
0%
580 ÷ 5116
0%
585 ÷ 5117
0%
354 ÷ 3118
0%
238 ÷ 2119
0%
348 ÷ 2912
0%
264 ÷ 2212
0%
432 ÷ 3612
0%
384 ÷ 3212
0%
588 ÷ 4912
0%
192 ÷ 1612
0%
288 ÷ 2412
0%
504 ÷ 4212
0%
372 ÷ 3112
0%
444 ÷ 3712
0%
324 ÷ 2712
0%
516 ÷ 4312
0%
540 ÷ 4512
0%
144 ÷ 1212
0%
216 ÷ 1812
0%
564 ÷ 4712
0%
132 ÷ 1112
0%
420 ÷ 3512
0%
528 ÷ 4412
0%
456 ÷ 3812
0%
36 ÷ 312
0%
252 ÷ 2112
0%
120 ÷ 1012
0%
168 ÷ 1412
0%
360 ÷ 3120
0%
600 ÷ 5120
0%
363 ÷ 3121
0%
366 ÷ 3122
0%
492 ÷ 4123
0%
246 ÷ 2123
0%
496 ÷ 4124
0%
248 ÷ 2124
0%
372 ÷ 3124
0%
500 ÷ 4125
0%
252 ÷ 2126
0%
504 ÷ 4126
0%
508 ÷ 4127
0%
254 ÷ 2127
0%
512 ÷ 4128
0%
516 ÷ 4129
0%
258 ÷ 2129
0%
387 ÷ 3129
0%
533 ÷ 4113
0%
585 ÷ 4513
0%
208 ÷ 1613
0%
429 ÷ 3313
0%
403 ÷ 3113
0%
520 ÷ 4013
0%
247 ÷ 1913
0%
351 ÷ 2713
0%
546 ÷ 4213
0%
78 ÷ 613
0%
455 ÷ 3513
0%
221 ÷ 1713
0%
390 ÷ 3013
0%
182 ÷ 1413
0%
273 ÷ 2113
0%
39 ÷ 313
0%
169 ÷ 1313
0%
481 ÷ 3713
0%
325 ÷ 2513
0%
598 ÷ 4613
0%
262 ÷ 2131
0%
524 ÷ 4131
0%
393 ÷ 3131
0%
264 ÷ 2132
0%
396 ÷ 3132
0%
532 ÷ 4133
0%
540 ÷ 4135
0%
270 ÷ 2135
0%
408 ÷ 3136
0%
544 ÷ 4136
0%
548 ÷ 4137
0%
276 ÷ 2138
0%
552 ÷ 4138
0%
414 ÷ 3138
0%
556 ÷ 4139
0%
417 ÷ 3139
0%
308 ÷ 2214
0%
518 ÷ 3714
0%
560 ÷ 4014
0%
364 ÷ 2614
0%
448 ÷ 3214
0%
210 ÷ 1514
0%
140 ÷ 1014
0%
238 ÷ 1714
0%
224 ÷ 1614
0%
98 ÷ 714
0%
42 ÷ 314
0%
266 ÷ 1914
0%
504 ÷ 3614
0%
84 ÷ 614
0%
252 ÷ 1814
0%
28 ÷ 214
0%
112 ÷ 814
0%
70 ÷ 514
0%
490 ÷ 3514
0%
392 ÷ 2814
0%
196 ÷ 1414
0%
588 ÷ 4214
0%
378 ÷ 2714
0%
182 ÷ 1314
0%
168 ÷ 1214
0%
564 ÷ 4141
0%
429 ÷ 3143
0%
432 ÷ 3144
0%
576 ÷ 4144
0%
435 ÷ 3145
0%
294 ÷ 2147
0%
444 ÷ 3148
0%
592 ÷ 4148
0%
296 ÷ 2148
0%
447 ÷ 3149
0%
510 ÷ 3415
0%
105 ÷ 715
0%
480 ÷ 3215
0%
120 ÷ 815
0%
540 ÷ 3615
0%
165 ÷ 1115
0%
195 ÷ 1315
0%
450 ÷ 3015
0%
585 ÷ 3915
0%
135 ÷ 915
0%
495 ÷ 3315
0%
405 ÷ 2715
0%
255 ÷ 1715
0%
45 ÷ 315
0%
210 ÷ 1415
0%
390 ÷ 2615
0%
570 ÷ 3815
0%
525 ÷ 3515
0%
600 ÷ 4150
0%
462 ÷ 3154
0%
468 ÷ 3156
0%
471 ÷ 3157
0%
474 ÷ 3158
0%
316 ÷ 2158
0%
477 ÷ 3159
0%
464 ÷ 2916
0%
592 ÷ 3716
0%
240 ÷ 1516
0%
384 ÷ 2416
0%
576 ÷ 3616
0%
512 ÷ 3216
0%
48 ÷ 316
0%
416 ÷ 2616
0%
528 ÷ 3316
0%
272 ÷ 1716
0%
208 ÷ 1316
0%
112 ÷ 716
0%
320 ÷ 2016
0%
304 ÷ 1916
0%
144 ÷ 916
0%
224 ÷ 1416
0%
368 ÷ 2316
0%
480 ÷ 3016
0%
483 ÷ 3161
0%
324 ÷ 2162
0%
489 ÷ 3163
0%
326 ÷ 2163
0%
330 ÷ 2165
0%
495 ÷ 3165
0%
498 ÷ 3166
0%
332 ÷ 2166
0%
504 ÷ 3168
0%
338 ÷ 2169
0%
85 ÷ 517
0%
561 ÷ 3317
0%
136 ÷ 817
0%
255 ÷ 1517
0%
391 ÷ 2317
0%
289 ÷ 1717
0%
493 ÷ 2917
0%
527 ÷ 3117
0%
306 ÷ 1817
0%
119 ÷ 717
0%
170 ÷ 1017
0%
204 ÷ 1217
0%
476 ÷ 2817
0%
323 ÷ 1917
0%
578 ÷ 3417
0%
595 ÷ 3517
0%
374 ÷ 2217
0%
221 ÷ 1317
0%
513 ÷ 3171
0%
516 ÷ 3172
0%
346 ÷ 2173
0%
522 ÷ 3174
0%
528 ÷ 3176
0%
354 ÷ 2177
0%
537 ÷ 3179
0%
358 ÷ 2179
0%
504 ÷ 2818
0%
414 ÷ 2318
0%
270 ÷ 1518
0%
324 ÷ 1818
0%
234 ÷ 1318
0%
162 ÷ 918
0%
468 ÷ 2618
0%
216 ÷ 1218
0%
576 ÷ 3218
0%
360 ÷ 2018
0%
378 ÷ 2118
0%
126 ÷ 718
0%
252 ÷ 1418
0%
72 ÷ 418
0%
396 ÷ 2218
0%
360 ÷ 2180
0%
540 ÷ 3180
0%
543 ÷ 3181
0%
362 ÷ 2181
0%
364 ÷ 2182
0%
546 ÷ 3182
0%
549 ÷ 3183
0%
555 ÷ 3185
0%
370 ÷ 2185
0%
558 ÷ 3186
0%
171 ÷ 919
0%
456 ÷ 2419
0%
589 ÷ 3119
0%
399 ÷ 2119
0%
323 ÷ 1719
0%
285 ÷ 1519
0%
76 ÷ 419
0%
570 ÷ 3019
0%
361 ÷ 1919
0%
57 ÷ 319
0%
494 ÷ 2619
0%
114 ÷ 619
0%
247 ÷ 1319
0%
266 ÷ 1419
0%
418 ÷ 2219
0%
342 ÷ 1819
0%
576 ÷ 3192
0%
384 ÷ 2192
0%
582 ÷ 3194
0%
388 ÷ 2194
0%
390 ÷ 2195
0%
588 ÷ 3196
0%
392 ÷ 2196
0%
591 ÷ 3197
0%
394 ÷ 2197
0%
594 ÷ 3198
0%
398 ÷ 2199
0%
100 ÷ 502
0%
76 ÷ 382
0%
96 ÷ 482
0%
4 ÷ 22
0%
94 ÷ 472
0%
58 ÷ 292
0%
38 ÷ 192
0%
60 ÷ 302
0%
42 ÷ 212
0%
32 ÷ 162
0%
18 ÷ 92
0%
84 ÷ 422
0%
100 ÷ 520
0%
160 ÷ 820
0%
260 ÷ 1320
0%
340 ÷ 1720
0%
120 ÷ 620
0%
580 ÷ 2920
0%
520 ÷ 2620
0%
240 ÷ 1220
0%
460 ÷ 2320
0%
500 ÷ 2520
0%
440 ÷ 2220
0%
400 ÷ 2020
0%
360 ÷ 1820
0%
60 ÷ 320
0%
600 ÷ 3020
0%
200 ÷ 1020
0%
404 ÷ 2202
0%
412 ÷ 2206
0%
414 ÷ 2207
0%
416 ÷ 2208
0%
273 ÷ 1321
0%
441 ÷ 2121
0%
546 ÷ 2621
0%
126 ÷ 621
0%
378 ÷ 1821
0%
504 ÷ 2421
0%
147 ÷ 721
0%
315 ÷ 1521
0%
420 ÷ 2021
0%
336 ÷ 1621
0%
567 ÷ 2721
0%
420 ÷ 2210
0%
422 ÷ 2211
0%
432 ÷ 2216
0%
434 ÷ 2217
0%
436 ÷ 2218
0%
438 ÷ 2219
0%
374 ÷ 1722
0%
506 ÷ 2322
0%
176 ÷ 822
0%
44 ÷ 222
0%
418 ÷ 1922
0%
330 ÷ 1522
0%
572 ÷ 2622
0%
198 ÷ 922
0%
550 ÷ 2522
0%
462 ÷ 2122
0%
352 ÷ 1622
0%
528 ÷ 2422
0%
484 ÷ 2222
0%
308 ÷ 1422
0%
440 ÷ 2220
0%
483 ÷ 2123
0%
253 ÷ 1123
0%
552 ÷ 2423
0%
391 ÷ 1723
0%
276 ÷ 1223
0%
598 ÷ 2623
0%
161 ÷ 723
0%
207 ÷ 923
0%
299 ÷ 1323
0%
437 ÷ 1923
0%
368 ÷ 1623
0%
138 ÷ 623
0%
466 ÷ 2233
0%
468 ÷ 2234
0%
470 ÷ 2235
0%
474 ÷ 2237
0%
476 ÷ 2238
0%
478 ÷ 2239
0%
144 ÷ 624
0%
120 ÷ 524
0%
96 ÷ 424
0%
192 ÷ 824
0%
432 ÷ 1824
0%
552 ÷ 2324
0%
72 ÷ 324
0%
216 ÷ 924
0%
384 ÷ 1624
0%
600 ÷ 2524
0%
486 ÷ 2243
0%
488 ÷ 2244
0%
475 ÷ 1925
0%
375 ÷ 1525
0%
400 ÷ 1625
0%
350 ÷ 1425
0%
300 ÷ 1225
0%
175 ÷ 725
0%
325 ÷ 1325
0%
550 ÷ 2225
0%
425 ÷ 1725
0%
575 ÷ 2325
0%
275 ÷ 1125
0%
500 ÷ 2250
0%
504 ÷ 2252
0%
514 ÷ 2257
0%
516 ÷ 2258
0%
518 ÷ 2259
0%
156 ÷ 626
0%
416 ÷ 1626
0%
572 ÷ 2226
0%
468 ÷ 1826
0%
260 ÷ 1026
0%
312 ÷ 1226
0%
234 ÷ 926
0%
208 ÷ 826
0%
78 ÷ 326
0%
520 ÷ 2026
0%
286 ÷ 1126
0%
524 ÷ 2262
0%
526 ÷ 2263
0%
530 ÷ 2265
0%
532 ÷ 2266
0%
534 ÷ 2267
0%
536 ÷ 2268
0%
538 ÷ 2269
0%
162 ÷ 627
0%
270 ÷ 1027
0%
432 ÷ 1627
0%
459 ÷ 1727
0%
297 ÷ 1127
0%
486 ÷ 1827
0%
324 ÷ 1227
0%
513 ÷ 1927
0%
81 ÷ 327
0%
405 ÷ 1527
0%
378 ÷ 1427
0%
544 ÷ 2272
0%
548 ÷ 2274
0%
554 ÷ 2277
0%
556 ÷ 2278
0%
558 ÷ 2279
0%
252 ÷ 928
0%
308 ÷ 1128
0%
560 ÷ 2028
0%
56 ÷ 228
0%
364 ÷ 1328
0%
280 ÷ 1028
0%
588 ÷ 2128
0%
476 ÷ 1728
0%
336 ÷ 1228
0%
84 ÷ 328
0%
224 ÷ 828
0%
568 ÷ 2284
0%
574 ÷ 2287
0%
319 ÷ 1129
0%
464 ÷ 1629
0%
493 ÷ 1729
0%
406 ÷ 1429
0%
551 ÷ 1929
0%
377 ÷ 1329
0%
174 ÷ 629
0%
522 ÷ 1829
0%
145 ÷ 529
0%
348 ÷ 1229
0%
582 ÷ 2291
0%
586 ÷ 2293
0%
588 ÷ 2294
0%
590 ÷ 2295
0%
594 ÷ 2297
0%
123 ÷ 413
0%
93 ÷ 313
0%
102 ÷ 343
0%
144 ÷ 483
0%
111 ÷ 373
0%
36 ÷ 123
0%
21 ÷ 73
0%
6 ÷ 23
0%
45 ÷ 153
0%
81 ÷ 273
0%
15 ÷ 53
0%
120 ÷ 403
0%
114 ÷ 383
0%
147 ÷ 493
0%
180 ÷ 630
0%
600 ÷ 2030
0%
90 ÷ 330
0%
150 ÷ 530
0%
330 ÷ 1130
0%
210 ÷ 730
0%
600 ÷ 2300
0%
248 ÷ 831
0%
341 ÷ 1131
0%
186 ÷ 631
0%
465 ÷ 1531
0%
155 ÷ 531
0%
527 ÷ 1731
0%
403 ÷ 1331
0%
480 ÷ 1532
0%
192 ÷ 632
0%
352 ÷ 1132
0%
128 ÷ 432
0%
64 ÷ 232
0%
224 ÷ 732
0%
416 ÷ 1332
0%
96 ÷ 332
0%
448 ÷ 1432
0%
297 ÷ 933
0%
495 ÷ 1533
0%
231 ÷ 733
0%
396 ÷ 1233
0%
264 ÷ 833
0%
561 ÷ 1733
0%
462 ÷ 1433
0%
429 ÷ 1333
0%
136 ÷ 434
0%
102 ÷ 334
0%
170 ÷ 534
0%
544 ÷ 1634
0%
238 ÷ 734
0%
476 ÷ 1434
0%
272 ÷ 834
0%
306 ÷ 934
0%
595 ÷ 1735
0%
455 ÷ 1335
0%
315 ÷ 935
0%
385 ÷ 1135
0%
105 ÷ 335
0%
560 ÷ 1635
0%
245 ÷ 735
0%
490 ÷ 1435
0%
288 ÷ 836
0%
576 ÷ 1636
0%
252 ÷ 736
0%
504 ÷ 1436
0%
396 ÷ 1136
0%
468 ÷ 1336
0%
432 ÷ 1236
0%
72 ÷ 236
0%
540 ÷ 1536
0%
216 ÷ 636
0%
259 ÷ 737
0%
407 ÷ 1137
0%
111 ÷ 337
0%
481 ÷ 1337
0%
148 ÷ 437
0%
333 ÷ 937
0%
555 ÷ 1537
0%
444 ÷ 1237
0%
494 ÷ 1338
0%
456 ÷ 1238
0%
228 ÷ 638
0%
342 ÷ 938
0%
570 ÷ 1538
0%
304 ÷ 838
0%
532 ÷ 1438
0%
114 ÷ 338
0%
380 ÷ 1038
0%
190 ÷ 538
0%
418 ÷ 1138
0%
429 ÷ 1139
0%
390 ÷ 1039
0%
312 ÷ 839
0%
507 ÷ 1339
0%
117 ÷ 339
0%
273 ÷ 739
0%
585 ÷ 1539
0%
78 ÷ 239
0%
546 ÷ 1439
0%
88 ÷ 224
0%
96 ÷ 244
0%
108 ÷ 274
0%
168 ÷ 424
0%
104 ÷ 264
0%
116 ÷ 294
0%
64 ÷ 164
0%
164 ÷ 414
0%
72 ÷ 184
0%
8 ÷ 24
0%
144 ÷ 364
0%
16 ÷ 44
0%
160 ÷ 404
0%
128 ÷ 324
0%
176 ÷ 444
0%
24 ÷ 64
0%
148 ÷ 374
0%
124 ÷ 314
0%
44 ÷ 114
0%
68 ÷ 174
0%
120 ÷ 304
0%
152 ÷ 384
0%
140 ÷ 354
0%
240 ÷ 640
0%
560 ÷ 1440
0%
120 ÷ 340
0%
492 ÷ 1241
0%
287 ÷ 741
0%
369 ÷ 941
0%
533 ÷ 1341
0%
123 ÷ 341
0%
588 ÷ 1442
0%
294 ÷ 742
0%
336 ÷ 842
0%
462 ÷ 1142
0%
126 ÷ 342
0%
504 ÷ 1242
0%
210 ÷ 542
0%
546 ÷ 1342
0%
430 ÷ 1043
0%
129 ÷ 343
0%
172 ÷ 443
0%
86 ÷ 243
0%
387 ÷ 943
0%
258 ÷ 643
0%
215 ÷ 543
0%
559 ÷ 1343
0%
301 ÷ 743
0%
516 ÷ 1243
0%
528 ÷ 1244
0%
352 ÷ 844
0%
440 ÷ 1044
0%
396 ÷ 944
0%
176 ÷ 444
0%
132 ÷ 344
0%
88 ÷ 244
0%
585 ÷ 1345
0%
495 ÷ 1145
0%
225 ÷ 545
0%
90 ÷ 245
0%
180 ÷ 445
0%
135 ÷ 345
0%
92 ÷ 246
0%
276 ÷ 646
0%
230 ÷ 546
0%
552 ÷ 1246
0%
414 ÷ 946
0%
470 ÷ 1047
0%
564 ÷ 1247
0%
376 ÷ 847
0%
235 ÷ 547
0%
282 ÷ 647
0%
423 ÷ 947
0%
192 ÷ 448
0%
528 ÷ 1148
0%
384 ÷ 848
0%
336 ÷ 748
0%
144 ÷ 348
0%
245 ÷ 549
0%
441 ÷ 949
0%
392 ÷ 849
0%
60 ÷ 125
0%
95 ÷ 195
0%
180 ÷ 365
0%
230 ÷ 465
0%
235 ÷ 475
0%
105 ÷ 215
0%
25 ÷ 55
0%
65 ÷ 135
0%
185 ÷ 375
0%
135 ÷ 275
0%
45 ÷ 95
0%
125 ÷ 255
0%
115 ÷ 235
0%
80 ÷ 165
0%
130 ÷ 265
0%
90 ÷ 185
0%
220 ÷ 445
0%
155 ÷ 315
0%
450 ÷ 950
0%
600 ÷ 1250
0%
400 ÷ 850
0%
510 ÷ 1051
0%
561 ÷ 1151
0%
204 ÷ 451
0%
459 ÷ 951
0%
306 ÷ 651
0%
364 ÷ 752
0%
312 ÷ 652
0%
468 ÷ 952
0%
104 ÷ 252
0%
260 ÷ 552
0%
520 ÷ 1052
0%
572 ÷ 1152
0%
477 ÷ 953
0%
159 ÷ 353
0%
265 ÷ 553
0%
106 ÷ 253
0%
530 ÷ 1053
0%
212 ÷ 453
0%
583 ÷ 1153
0%
594 ÷ 1154
0%
270 ÷ 554
0%
324 ÷ 654
0%
432 ÷ 854
0%
495 ÷ 955
0%
165 ÷ 355
0%
385 ÷ 755
0%
504 ÷ 956
0%
224 ÷ 456
0%
114 ÷ 257
0%
513 ÷ 957
0%
456 ÷ 857
0%
342 ÷ 657
0%
174 ÷ 358
0%
232 ÷ 458
0%
464 ÷ 858
0%
406 ÷ 758
0%
348 ÷ 658
0%
472 ÷ 859
0%
531 ÷ 959
0%
413 ÷ 759
0%
354 ÷ 659
0%
177 ÷ 359
0%
156 ÷ 266
0%
288 ÷ 486
0%
84 ÷ 146
0%
60 ÷ 106
0%
258 ÷ 436
0%
192 ÷ 326
0%
162 ÷ 276
0%
126 ÷ 216
0%
168 ÷ 286
0%
234 ÷ 396
0%
102 ÷ 176
0%
144 ÷ 246
0%
252 ÷ 426
0%
36 ÷ 66
0%
24 ÷ 46
0%
114 ÷ 196
0%
108 ÷ 186
0%
222 ÷ 376
0%
96 ÷ 166
0%
480 ÷ 860
0%
180 ÷ 360
0%
120 ÷ 260
0%
420 ÷ 760
0%
305 ÷ 561
0%
549 ÷ 961
0%
488 ÷ 861
0%
558 ÷ 962
0%
434 ÷ 762
0%
124 ÷ 262
0%
248 ÷ 462
0%
372 ÷ 662
0%
186 ÷ 362
0%
496 ÷ 862
0%
567 ÷ 963
0%
441 ÷ 763
0%
315 ÷ 563
0%
576 ÷ 964
0%
585 ÷ 965
0%
130 ÷ 265
0%
520 ÷ 865
0%
390 ÷ 665
0%
264 ÷ 466
0%
594 ÷ 966
0%
528 ÷ 866
0%
469 ÷ 767
0%
201 ÷ 367
0%
536 ÷ 867
0%
268 ÷ 467
0%
204 ÷ 368
0%
272 ÷ 468
0%
544 ÷ 868
0%
276 ÷ 469
0%
552 ÷ 869
0%
345 ÷ 569
0%
414 ÷ 669
0%
207 ÷ 369
0%
231 ÷ 337
0%
252 ÷ 367
0%
259 ÷ 377
0%
287 ÷ 417
0%
273 ÷ 397
0%
301 ÷ 437
0%
154 ÷ 227
0%
336 ÷ 487
0%
322 ÷ 467
0%
266 ÷ 387
0%
14 ÷ 27
0%
175 ÷ 257
0%
238 ÷ 347
0%
294 ÷ 427
0%
350 ÷ 507
0%
224 ÷ 327
0%
161 ÷ 237
0%
133 ÷ 197
0%
329 ÷ 477
0%
217 ÷ 317
0%
490 ÷ 770
0%
560 ÷ 870
0%
140 ÷ 270
0%
497 ÷ 771
0%
213 ÷ 371
0%
355 ÷ 571
0%
288 ÷ 472
0%
576 ÷ 872
0%
438 ÷ 673
0%
365 ÷ 573
0%
146 ÷ 273
0%
292 ÷ 473
0%
148 ÷ 274
0%
592 ÷ 874
0%
370 ÷ 574
0%
518 ÷ 774
0%
296 ÷ 474
0%
600 ÷ 875
0%
525 ÷ 775
0%
380 ÷ 576
0%
308 ÷ 477
0%
385 ÷ 577
0%
154 ÷ 277
0%
462 ÷ 677
0%
539 ÷ 777
0%
468 ÷ 678
0%
316 ÷ 479
0%
360 ÷ 458
0%
328 ÷ 418
0%
280 ÷ 358
0%
288 ÷ 368
0%
216 ÷ 278
0%
232 ÷ 298
0%
120 ÷ 158
0%
336 ÷ 428
0%
248 ÷ 318
0%
192 ÷ 248
0%
240 ÷ 308
0%
256 ÷ 328
0%
224 ÷ 288
0%
184 ÷ 238
0%
64 ÷ 88
0%
176 ÷ 228
0%
152 ÷ 198
0%
344 ÷ 438
0%
384 ÷ 488
0%
304 ÷ 388
0%
144 ÷ 188
0%
392 ÷ 498
0%
264 ÷ 338
0%
400 ÷ 580
0%
486 ÷ 681
0%
246 ÷ 382
0%
328 ÷ 482
0%
332 ÷ 483
0%
498 ÷ 683
0%
581 ÷ 783
0%
336 ÷ 484
0%
420 ÷ 584
0%
595 ÷ 785
0%
425 ÷ 585
0%
340 ÷ 485
0%
510 ÷ 685
0%
516 ÷ 686
0%
174 ÷ 287
0%
522 ÷ 687
0%
435 ÷ 587
0%
528 ÷ 688
0%
352 ÷ 488
0%
445 ÷ 589
0%
356 ÷ 489
0%
267 ÷ 389
0%
297 ÷ 339
0%
99 ÷ 119
0%
108 ÷ 129
0%
117 ÷ 139
0%
162 ÷ 189
0%
153 ÷ 179
0%
144 ÷ 169
0%
279 ÷ 319
0%
207 ÷ 239
0%
189 ÷ 219
0%
261 ÷ 299
0%
351 ÷ 399
0%
72 ÷ 89
0%
18 ÷ 29
0%
135 ÷ 159
0%
396 ÷ 449
0%
225 ÷ 259
0%
126 ÷ 149
0%
342 ÷ 389
0%
450 ÷ 590
0%
455 ÷ 591
0%
546 ÷ 691
0%
364 ÷ 491
0%
273 ÷ 391
0%
368 ÷ 492
0%
276 ÷ 392
0%
372 ÷ 493
0%
558 ÷ 693
0%
465 ÷ 593
0%
186 ÷ 293
0%
564 ÷ 694
0%
570 ÷ 695
0%
285 ÷ 395
0%
190 ÷ 295
0%
380 ÷ 495
0%
475 ÷ 595
0%
576 ÷ 696
0%
192 ÷ 296
0%
384 ÷ 496
0%
582 ÷ 697
0%
194 ÷ 297
0%
485 ÷ 597
0%
490 ÷ 598
0%
392 ÷ 498
0%
588 ÷ 698
0%
495 ÷ 599
0%
594 ÷ 699
0%
297 ÷ 399
0%

Score Distribution

Percentile by Number Answered

Percent of People with Each Score

Your Score History

You have not taken this quiz